<?xml version="1.0" encoding="UTF-8"?>
<collection xmlns="http://www.loc.gov/MARC21/slim">
 <record>
  <leader>02382aam a22003258a 4500</leader>
  <controlfield tag="001">NCT_26012</controlfield>
  <controlfield tag="008">090916s2009                  ||||||viesd</controlfield>
  <datafield tag="999" ind1=" " ind2=" ">
   <subfield code="c">1245</subfield>
   <subfield code="d">1245</subfield>
  </datafield>
  <datafield tag="020" ind1=" " ind2=" ">
   <subfield code="c">95000</subfield>
  </datafield>
  <datafield tag="082" ind1="0" ind2="4">
   <subfield code="2">23rd ed.</subfield>
   <subfield code="a">721</subfield>
   <subfield code="b">H103</subfield>
  </datafield>
  <datafield tag="100" ind1="1" ind2=" ">
   <subfield code="a">Phan Tấn Hài</subfield>
  </datafield>
  <datafield tag="245" ind1="1" ind2="0">
   <subfield code="a">Nguyên lý thiết kế cấu tạo các công trình kiến trúc</subfield>
   <subfield code="c">Phan Tấn Hài, Võ Đình Diệp, Cao Xuân Lương</subfield>
  </datafield>
  <datafield tag="250" ind1=" " ind2=" ">
   <subfield code="a">Tái bản</subfield>
  </datafield>
  <datafield tag="260" ind1=" " ind2=" ">
   <subfield code="a">H.</subfield>
   <subfield code="b">Xây dựng</subfield>
   <subfield code="c">2012</subfield>
  </datafield>
  <datafield tag="300" ind1=" " ind2=" ">
   <subfield code="a">319tr.</subfield>
   <subfield code="b">Minh họa</subfield>
   <subfield code="c">27cm</subfield>
  </datafield>
  <datafield tag="520" ind1="3" ind2=" ">
   <subfield code="a">Trình bày những vấn đề cơ bản và chuyên sâu về cấu tạo công trình kiến trúc, nền và móng nhà dân dụng, cấu tạo tường, mái nhà, cửa, sàn nhà, cầu thang, nền móng và tường nhà, sân mái nhà...</subfield>
  </datafield>
  <datafield tag="653" ind1=" " ind2=" ">
   <subfield code="a">Kiến trúc</subfield>
  </datafield>
  <datafield tag="700" ind1="1" ind2=" ">
   <subfield code="a">Võ Đình Diệp</subfield>
  </datafield>
  <datafield tag="700" ind1="1" ind2=" ">
   <subfield code="a">Cao Xuân Lương</subfield>
  </datafield>
  <datafield tag="942" ind1=" " ind2=" ">
   <subfield code="2">ddc</subfield>
   <subfield code="c">BK</subfield>
  </datafield>
  <datafield tag="952" ind1=" " ind2=" ">
   <subfield code="0">0</subfield>
   <subfield code="1">0</subfield>
   <subfield code="2">ddc</subfield>
   <subfield code="4">0</subfield>
   <subfield code="6">721_000000000000000_H103</subfield>
   <subfield code="7">0</subfield>
   <subfield code="9">9237</subfield>
   <subfield code="a">000001</subfield>
   <subfield code="b">000001</subfield>
   <subfield code="d">2018-06-01</subfield>
   <subfield code="o">721 H103</subfield>
   <subfield code="p">MD.08950</subfield>
   <subfield code="r">2018-06-01</subfield>
   <subfield code="v">95000.00</subfield>
   <subfield code="w">2018-06-01</subfield>
   <subfield code="y">BK</subfield>
  </datafield>
  <datafield tag="952" ind1=" " ind2=" ">
   <subfield code="0">0</subfield>
   <subfield code="1">0</subfield>
   <subfield code="2">ddc</subfield>
   <subfield code="4">0</subfield>
   <subfield code="6">721_000000000000000_H103</subfield>
   <subfield code="7">0</subfield>
   <subfield code="9">9239</subfield>
   <subfield code="a">000001</subfield>
   <subfield code="b">000001</subfield>
   <subfield code="d">2018-06-01</subfield>
   <subfield code="o">721 H103</subfield>
   <subfield code="p">MD.08957</subfield>
   <subfield code="r">2018-06-01</subfield>
   <subfield code="v">95000.00</subfield>
   <subfield code="w">2018-06-01</subfield>
   <subfield code="y">BK</subfield>
  </datafield>
  <datafield tag="952" ind1=" " ind2=" ">
   <subfield code="0">0</subfield>
   <subfield code="1">0</subfield>
   <subfield code="2">ddc</subfield>
   <subfield code="4">0</subfield>
   <subfield code="6">721_000000000000000_H103</subfield>
   <subfield code="7">0</subfield>
   <subfield code="9">9240</subfield>
   <subfield code="a">000001</subfield>
   <subfield code="b">000001</subfield>
   <subfield code="d">2018-06-01</subfield>
   <subfield code="o">721 H103</subfield>
   <subfield code="p">MD.08958</subfield>
   <subfield code="r">2018-06-01</subfield>
   <subfield code="v">95000.00</subfield>
   <subfield code="w">2018-06-01</subfield>
   <subfield code="y">BK</subfield>
  </datafield>
  <datafield tag="952" ind1=" " ind2=" ">
   <subfield code="0">0</subfield>
   <subfield code="1">0</subfield>
   <subfield code="2">ddc</subfield>
   <subfield code="4">0</subfield>
   <subfield code="6">721_000000000000000_H103</subfield>
   <subfield code="7">0</subfield>
   <subfield code="9">9241</subfield>
   <subfield code="a">000001</subfield>
   <subfield code="b">000001</subfield>
   <subfield code="d">2018-06-01</subfield>
   <subfield code="o">721 H103</subfield>
   <subfield code="p">MD.08959</subfield>
   <subfield code="r">2018-06-01</subfield>
   <subfield code="v">95000.00</subfield>
   <subfield code="w">2018-06-01</subfield>
   <subfield code="y">BK</subfield>
  </datafield>
  <datafield tag="952" ind1=" " ind2=" ">
   <subfield code="0">0</subfield>
   <subfield code="1">0</subfield>
   <subfield code="2">ddc</subfield>
   <subfield code="4">0</subfield>
   <subfield code="6">721_000000000000000_H103</subfield>
   <subfield code="7">0</subfield>
   <subfield code="9">9264</subfield>
   <subfield code="a">000001</subfield>
   <subfield code="b">000001</subfield>
   <subfield code="d">2018-06-01</subfield>
   <subfield code="l">1</subfield>
   <subfield code="o">721 H103</subfield>
   <subfield code="p">MD.08951</subfield>
   <subfield code="r">2020-10-31</subfield>
   <subfield code="s">2020-10-27</subfield>
   <subfield code="v">95000.00</subfield>
   <subfield code="w">2018-06-01</subfield>
   <subfield code="y">BK</subfield>
  </datafield>
  <datafield tag="952" ind1=" " ind2=" ">
   <subfield code="0">0</subfield>
   <subfield code="1">0</subfield>
   <subfield code="2">ddc</subfield>
   <subfield code="4">0</subfield>
   <subfield code="6">721_000000000000000_H103</subfield>
   <subfield code="7">0</subfield>
   <subfield code="9">9265</subfield>
   <subfield code="a">000001</subfield>
   <subfield code="b">000001</subfield>
   <subfield code="d">2018-06-01</subfield>
   <subfield code="o">721 H103</subfield>
   <subfield code="p">MD.08952</subfield>
   <subfield code="r">2018-06-01</subfield>
   <subfield code="v">95000.00</subfield>
   <subfield code="w">2018-06-01</subfield>
   <subfield code="y">BK</subfield>
  </datafield>
  <datafield tag="952" ind1=" " ind2=" ">
   <subfield code="0">0</subfield>
   <subfield code="1">0</subfield>
   <subfield code="2">ddc</subfield>
   <subfield code="4">0</subfield>
   <subfield code="6">721_000000000000000_H103</subfield>
   <subfield code="7">0</subfield>
   <subfield code="9">9266</subfield>
   <subfield code="a">000001</subfield>
   <subfield code="b">000001</subfield>
   <subfield code="d">2018-06-01</subfield>
   <subfield code="o">721 H103</subfield>
   <subfield code="p">MD.08953</subfield>
   <subfield code="r">2018-06-01</subfield>
   <subfield code="v">95000.00</subfield>
   <subfield code="w">2018-06-01</subfield>
   <subfield code="y">BK</subfield>
  </datafield>
  <datafield tag="952" ind1=" " ind2=" ">
   <subfield code="0">0</subfield>
   <subfield code="1">0</subfield>
   <subfield code="2">ddc</subfield>
   <subfield code="4">0</subfield>
   <subfield code="6">721_000000000000000_H103</subfield>
   <subfield code="7">0</subfield>
   <subfield code="9">9267</subfield>
   <subfield code="a">000001</subfield>
   <subfield code="b">000001</subfield>
   <subfield code="d">2018-06-01</subfield>
   <subfield code="o">721 H103</subfield>
   <subfield code="p">MD.08954</subfield>
   <subfield code="r">2018-06-01</subfield>
   <subfield code="v">95000.00</subfield>
   <subfield code="w">2018-06-01</subfield>
   <subfield code="y">BK</subfield>
  </datafield>
  <datafield tag="952" ind1=" " ind2=" ">
   <subfield code="0">0</subfield>
   <subfield code="1">0</subfield>
   <subfield code="2">ddc</subfield>
   <subfield code="4">0</subfield>
   <subfield code="6">721_000000000000000_H103</subfield>
   <subfield code="7">0</subfield>
   <subfield code="9">9268</subfield>
   <subfield code="a">000001</subfield>
   <subfield code="b">000001</subfield>
   <subfield code="d">2018-06-01</subfield>
   <subfield code="o">721 H103</subfield>
   <subfield code="p">MD.08955</subfield>
   <subfield code="r">2018-06-01</subfield>
   <subfield code="v">95000.00</subfield>
   <subfield code="w">2018-06-01</subfield>
   <subfield code="y">BK</subfield>
  </datafield>
  <datafield tag="980" ind1=" " ind2=" ">
   <subfield code="a">Thư viện Trường Đại học Nam Cần Thơ</subfield>
  </datafield>
 </record>
</collection>
